Geography Chain: First-Level Subdivisions - Statistics

General Stats
  • This quiz has been taken 53 times
  • The average score is 12 of 20
Answer Stats
Country Type of Subdivision Clue Subdivision % Correct
United States State Largest in the U.S. Alaska
100%
Australia State Home of the famous Opera House New South Wales
80%
Djibouti Region Home of the nation's capital Djibouti
73%
Ukraine Oblask Its principal city has been called the "pearl of the Black Sea" Odessa
73%
Brazil State Largest in Brazil; also the name of subdivisions in three neighboring countries Amazonas
71%
Spain Autonomous community Its history traces back to a medieval kingdom that united with Castile in 1479 Aragon
71%
France Overseas department and region Located in the Indian Ocean Réunion
71%
Mexico State Shares its name with a brand of hot sauce Tabasco
71%
Canada Province Has a rat population of 0 Alberta
69%
Egypt Governorate Location of a famous dam on the Nile built under Nasser Aswan
69%
Turkey Province Formerly known by the Greek name 'Smyrna' İzmir
64%
India State Its official language is Gujarati, not Hindi Gujarat
58%
Germany State Largest by economy and population North Rhine-Westphalia
58%
Russia Republic Largest first-level subdivision in the world Sakha
56%
China Province Not to be confused with Shanxi Shaanxi
56%
Papua New Guinea Province Island adjacent to New Britain New Ireland
53%
South Africa Province Home of Johannesburg and Pretoria Gauteng
49%
Malaysia State Small, populous state on the west coast of the Malay Peninsula Penang
42%
Andorra Parish Its name looks like an English verb meaning "to establish a camp" Encamp
38%
Japan Prefecture Least densely populated prefecture outside Hokkaido Iwate
22%
No matching quizzes found
Score Distribution
Percent of People with Each Score
Percentile by Number Answered
Your Score History
You have not taken this quiz